Исследование работоспособности тяжелонагруженной эвольвентной передачи при изменении параметров, определенных модулем зацепления, в процессе износа: диссертация на соискание ученой степени кандидата технических наук

Bibliographic Details
Main Author: Морозов Г. М.
Corporate Author: Томский политехнический институт (ТПИ)
Other Authors: Беляев А. Е. Арнольд Ефроимович (научный руководитель), Семенов Ю. С.
Language:Russian
Published: Томск, [Б. и.], 1975
Subjects:
Format: Book
KOHA link:https://koha.lib.tpu.ru/cgi-bin/koha/opac-detail.pl?biblionumber=325247

MARC

LEADER 00000nbm0a2200000 4500
001 325247
005 20231102003739.0
035 |a (RuTPU)RU\TPU\book\350860 
090 |a 325247 
100 |a 20161201d1975 k y0rusy50 ca 
101 0 |a rus 
102 |a RU 
105 |a a z 001zy 
200 1 |a Исследование работоспособности тяжелонагруженной эвольвентной передачи при изменении параметров, определенных модулем зацепления, в процессе износа  |e диссертация на соискание ученой степени кандидата технических наук  |f Г. М. Морозов  |g Томский политехнический институт (ТПИ) ; науч. рук. А. Е. Беляев , Ю. С. Семенов 
210 |a Томск  |c [Б. и.]  |d 1975 
215 |a 188 л.  |c ил. 
320 |a Библиогр.: с. 173-186 (156 назв.) 
606 1 |a Зубчатые передачи эвольвентные  |2 stltpush  |3 (RuTPU)RU\TPU\subj\12145  |9 38990 
610 1 |a исследование 
610 1 |a работоспособность 
610 1 |a модули зацепления 
610 1 |a зубья 
610 1 |a поверхности 
610 1 |a усталостное разрушение 
610 1 |a усталостное выкрашивание 
610 1 |a зубчатые зацепления 
610 1 |a абразивный износ 
610 1 |a диссертации 
610 1 |a труды учёных ТПУ 
675 |a 621.833(04)  |v 4 
700 1 |a Морозов  |b Г. М. 
702 1 |a Беляев  |b А. Е.  |c специалист в области машиностроения  |c доктор технических наук, профессор Томского политехнического университета  |f 1933-  |g Арнольд Ефроимович  |2 stltpush  |3 (RuTPU)RU\TPU\pers\9221  |4 727 
702 1 |a Семенов  |b Ю. С.  |4 727 
712 0 2 |a Томский политехнический институт (ТПИ)  |c (1944-1991)  |2 stltpush  |3 (RuTPU)RU\TPU\col\1123 
801 1 |a RU  |b 63413507  |c 20161201 
801 2 |a RU  |b 63413507  |c 20181003  |g RCR 
942 |c BK